Statistics for Top 18 Pizza Companies by Sales

Click here to take the quiz!

General Stats

  • This quiz has been taken 294 times
  • The average score is 5 of 18

Answer Stats

HintAnswer% Correct
1Pizza Hut
99%
2Dominos' Pizza
94%
3Papa John's Pizza
82%
4Little Caesars Pizza
61%
5Papa Murphy's
33%
7Sbarro
20%
8CiCi's Pizza
20%
6California Pizza Kitchen
19%
11Marco's Pizza
18%
15Godfather's Pizza
14%
13Jet's Pizza
13%
10Round Table Pizza
12%
12Hungry Howie's Pizza
12%
9Chuck E. Cheese's
7%
16Pizza Ranch
5%
18Mellow Mushroom
5%
14Old Chicago/ Rock Bottom Pizza
4%
17Uno Chicago Grill
1%

Score Distribution

Percentile by Number Answered

Percent of People with Each Score

Your Score History

You have not taken this quiz